[Event "DVM U20 2015"]
[Site "Osnabrück GER"]
[Date "2015.12.28"]
[Round "4"]
[White "Wasielewski, Kim-Luca"]
[Black "Braun, Kristin"]
[Result "1/2-1/2"]
[Termination "normal"]
[Board "4.5"]
[WhiteElo "1705"]
[BlackElo "1789"]
[WhiteTeam "Heilbronner SV"]
[BlackTeam "SC Forchheim"]
[PlyCount "62"]
[WhiteFideId "12979503"]
[BlackFideId "24656534"]
[EventCountry "GER"]
[EventRounds "7"]
[EventType "team-swiss"]
[EventDate "2015.12.26"]

1. e4 d5 2. exd5 Nf6 3. c4 c6 4. Nc3 cxd5 5. d4 Nc6 6. Bg5 e6 7. Nf3 Be7 8. c5
Ne4 9. Bf4 Bf6 10. Bb5 Qa5 11. Bxc6+ bxc6 12. Qb3 Ba6 13. Qc2 Qb4 14. a3 Qc4
15. Rc1 Qd3 16. Qxd3 Bxd3 17. Nxe4 Bxe4 18. Ne5 Rc8 19. f3 Bg6 20. h4 h5 21.
Kd2 Bd8 22. Rce1 Bf5 23. b4 f6 24. Nd3 Bxd3 25. Kxd3 Kf7 26. a4 Bc7 27. Bd2 Rb8
28. Ra1 a6 29. Rhb1 Rb7 30. f4 Rhb8 31. Ra2 Ke7 1/2-1/2

[Event "DVM U20 2015"]
[Site "Osnabrück GER"]
[Date "2015.12.28"]
[Round "4"]
[White "Herter, Leonhard"]
[Black "Dudt, Jonas"]
[Result "0-1"]
[Termination "normal"]
[Board "4.6"]
[WhiteElo "1260"]
[BlackElo "1692"]
[WhiteTeam "SC Forchheim"]
[BlackTeam "Heilbronner SV"]
[PlyCount "80"]
[WhiteFideId "24697745"]
[BlackFideId "12983152"]
[EventCountry "GER"]
[EventRounds "7"]
[EventType "team-swiss"]
[EventDate "2015.12.26"]

1. e4 c5 2. Nf3 d6 3. Bb5+ Bd7 4. Bxd7+ Nxd7 5. d3 Ngf6 6. O-O g6 7. Nc3 Bg7 8.
Re1 Qc7 9. Be3 e6 10. Qc1 Ng4 11. Qd2 O-O 12. h3 Nxe3 13. Qxe3 b5 14. Nd1 b4
15. c3 a5 16. d4 Nb6 17. b3 Rfc8 18. c4 cxd4 19. Qd3 a4 20. Nb2 Qc5 21. Re2
axb3 22. Qxb3 Ra3 23. Qc2 Rca8 24. Nd3 Qxc4 25. Qxc4 Nxc4 26. Rc2 Rc3 27. Nxb4
Rxc2 28. Nxc2 d3 29. Ncd4 Bxd4 30. Nxd4 d2 31. Kf1 Rxa2 32. Rd1 Kf8 33. Ke2 Ke7
34. Nf3 Kf6 35. Nxd2 Ke5 36. Ke1 Rxd2 37. Rxd2 Nxd2 38. Kxd2 Kxe4 39. f3+ Kf4
40. Ke2 Kg3 0-1

[Event "DVM U20 2015"]
[Site "Osnabrück GER"]
[Date "2015.12.28"]
[Round "4"]
[White "Bergauz, Noam"]
[Black "Perestjuk, Marko"]
[Result "1/2-1/2"]
[Termination "normal"]
[Board "5.1"]
[WhiteElo "2286"]
[BlackElo "2064"]
[WhiteTeam "SK München Südost"]
[BlackTeam "SC Zitadelle Spandau 1977"]
[PlyCount "42"]
[WhiteFideId "12938033"]
[BlackFideId "1270254"]
[EventCountry "GER"]
[EventRounds "7"]
[EventType "team-swiss"]
[EventDate "2015.12.26"]

1. e4 c5 2. Nf3 d6 3. d4 cxd4 4. Nxd4 Nf6 5. Nc3 a6 6. h3 e5 7. Nde2 Be6 8. g4
d5 9. exd5 Nxd5 10. Bg2 Bb4 11. O-O Bxc3 12. Nxc3 Nxc3 13. Qxd8+ Kxd8 14. bxc3
Kc7 15. f4 f6 16. fxe5 fxe5 17. Re1 Nc6 18. Bxc6 Kxc6 19. Rxe5 Rhe8 20. Bf4
Rad8 21. Rae1 Bf7 1/2-1/2

[Event "DVM U20 2015"]
[Site "Osnabrück GER"]
[Date "2015.12.28"]
[Round "4"]
[White "Kuhn, Patrick"]
[Black "Müller, Constantin"]
[Result "1/2-1/2"]
[Termination "normal"]
[Board "5.2"]
[WhiteElo "1991"]
[BlackElo "2222"]
[WhiteTeam "SC Zitadelle Spandau 1977"]
[BlackTeam "SK München Südost"]
[PlyCount "110"]
[WhiteFideId "12910260"]
[BlackFideId "24697630"]
[EventCountry "GER"]
[EventRounds "7"]
[EventType "team-swiss"]
[EventDate "2015.12.26"]

1. c4 e6 2. Nc3 d5 3. cxd5 exd5 4. d4 Nf6 5. Bg5 Nbd7 6. Qc2 Be7 7. e3 c6 8.
Bd3 Nh5 9. Bxe7 Qxe7 10. Nf3 Nf4 11. Bf1 Nb6 12. Ne5 Ng6 13. Nf3 Bd7 14. Be2
Nh4 15. Nxh4 Qxh4 16. Na4 Nxa4 17. Qxa4 Qe7 18. O-O O-O 19. Qc2 f5 20. Bd3 Kh8
21. Rfe1 Rf6 22. f3 Qd6 23. Rad1 Rh6 24. Bxf5 Qxh2+ 25. Kf2 Bxf5 26. Qxf5 Qh4+
27. Ke2 Qg3 28. Rg1 Re8 29. Rd3 Rhe6 30. Qh3 Qg5 31. f4 Qxf4 32. Rf1 Qd6 33.
Rf7 R6e7 34. Qf3 Rxf7 35. Qxf7 Rf8 36. Qxb7 Qg3 37. Kd2 Rb8 38. Qxa7 Qxg2+ 39.
Kd1 Qf1+ 40. Kc2 Rf8 41. Qc5 Qg2+ 42. Kc3 Rb8 43. Rd2 Qg1 44. Qe7 Qc1+ 45. Rc2
Qe1+ 46. Rd2 c5 47. dxc5 d4+ 48. Kc2 Qa1 49. Kd3 dxe3 50. Kxe3 Qe1+ 51. Re2
Qg3+ 52. Kd4 Rb4+ 53. Kd5 Qd3+ 54. Kc6 Qa6+ 55. Kd5 Qd3+ 1/2-1/2

[Event "DVM U20 2015"]
[Site "Osnabrück GER"]
[Date "2015.12.28"]
[Round "4"]
[White "Leeb, Simon"]
[Black "Kostre, Margarita"]
[Result "0-1"]
[Termination "normal"]
[Board "5.3"]
[WhiteElo "2077"]
[BlackElo "1726"]
[WhiteTeam "SK München Südost"]
[BlackTeam "SC Zitadelle Spandau 1977"]
[PlyCount "65"]
[WhiteFideId "12924768"]
[BlackFideId "4673344"]
[EventCountry "GER"]
[EventRounds "7"]
[EventType "team-swiss"]
[EventDate "2015.12.26"]

1. d4 Nf6 2. c4 g6 3. Nc3 Bg7 4. e4 d6 5. Be2 O-O 6. Bg5 c5 7. d5 b5 8. cxb5 a6
9. f3 axb5 10. Bxb5 Ba6 11. Bxa6 Nxa6 12. Nge2 Qb6 13. Qd2 Rfb8 14. Rb1 c4 15.
Be3 Nc5 16. O-O Nfd7 17. h3 Ne5 18. Nc1 Qa5 19. Bd4 Na4 20. b4 Rxb4 21. Rxb4
Qxb4 22. Qc2 Nxf3+ 23. Kh1 Nxd4 24. Qf2 Nxc3 25. Qxf7+ Kh8 26. Qxe7 Nce2 27.
Nxe2 Nxe2 28. Qh4 Qc3 29. Rd1 Ng3+ 30. Kg1 Qe3+ 31. Kh2 Be5 32. Qg4 Nxe4+ 33.
Kh1 0-1

[Event "DVM U20 2015"]
[Site "Osnabrück GER"]
[Date "2015.12.28"]
[Round "4"]
[White "Leeb, Jonas"]
[Black "Fuchs, Dominik"]
[Result "0-1"]
[Termination "normal"]
[Board "5.5"]
[WhiteElo "1905"]
[BlackElo "1600"]
[WhiteTeam "SK München Südost"]
[BlackTeam "SC Zitadelle Spandau 1977"]
[PlyCount "110"]
[WhiteFideId "12924750"]
[BlackFideId "1270260"]
[EventCountry "GER"]
[EventRounds "7"]
[EventType "team-swiss"]
[EventDate "2015.12.26"]

1. c4 c5 2. Nc3 Nc6 3. g3 g6 4. Bg2 Bg7 5. d3 d6 6. e4 e6 7. Nge2 Nge7 8. O-O
O-O 9. Be3 Nd4 10. Qd2 Nec6 11. f4 Rb8 12. Bxd4 Nxd4 13. Kh1 Bd7 14. Nxd4 cxd4
15. Ne2 b5 16. b3 Qb6 17. h3 bxc4 18. bxc4 Rb7 19. Nc1 e5 20. Nb3 Rfb8 21. Rfc1
Qb4 22. Qxb4 Rxb4 23. c5 Bf8 24. c6 Be6 25. c7 Rc8 26. Na5 Rb5 27. Nc6 Rxc7 28.
fxe5 dxe5 29. a4 Rb3 30. Nxe5 Bd6 31. Rxc7 Bxc7 32. Nc6 Bb6 33. a5 Bc5 34. Bf1
Bd7 35. Ne5 Bb5 36. Rc1 Bd6 37. Nc4 Bxg3 38. Kg2 Bc7 39. Kf3 Rc3 40. Rxc3 dxc3
41. Ke3 c2 42. Kd2 Ba4 43. Kc1 Bf4+ 44. Nd2 Be3 45. Bg2 f5 46. e5 g5 47. Bf3
Kf7 48. Bd5+ Kg6 49. Bf3 h5 50. e6 g4 51. hxg4 fxg4 52. Bd5 Kf6 53. Bc4 h4 54.
Bd5 h3 55. Bc4 g3 0-1

[Event "DVM U20 2015"]
[Site "Osnabrück GER"]
[Date "2015.12.28"]
[Round "4"]
[White "Raulin, Kian"]
[Black "Komarov, Jan"]
[Result "1-0"]
[Termination "normal"]
[Board "5.6"]
[WhiteElo "1732"]
[BlackElo "1841"]
[WhiteTeam "SC Zitadelle Spandau 1977"]
[BlackTeam "SK München Südost"]
[PlyCount "83"]
[WhiteFideId "12912166"]
[BlackFideId "12959430"]
[EventCountry "GER"]
[EventRounds "7"]
[EventType "team-swiss"]
[EventDate "2015.12.26"]

1. Nf3 c5 2. c4 Nf6 3. Nc3 Nc6 4. g3 d5 5. cxd5 Nxd5 6. Bg2 Nc7 7. O-O e5 8. d3
Be7 9. Ne1 O-O 10. f4 Bd7 11. fxe5 Nxe5 12. Bxb7 Rb8 13. Bg2 Bc6 14. Rb1 Nb5
15. Bf4 Nxc3 16. bxc3 Rxb1 17. Qxb1 Bxg2 18. Nxg2 Ng6 19. Be3 Qc7 20. Qb3 Bd6
21. Rb1 h6 22. Bf2 Rc8 23. Qb7 Ne5 24. Qxc7 Rxc7 25. Nf4 Ng4 26. Nd5 Rd7 27.
Be1 h5 28. c4 Ne5 29. Rb5 Ng4 30. Bc3 Kh7 31. h3 Ne5 32. Kg2 Nc6 33. e4 Ne7 34.
a4 Nc8 35. a5 a6 36. Rb1 Kg6 37. e5 Bc7 38. Rb7 Ne7 39. Rxc7 Nxd5 40. Rxd7 Nxc3
41. Rd6+ Kh7 42. Rxa6 1-0

[Event "DVM U20 2015"]
[Site "Osnabrück GER"]
[Date "2015.12.28"]
[Round "4"]
[White "Martin, Julian"]
[Black "Rieß, Alexander"]
[Result "1/2-1/2"]
[Termination "normal"]
[Board "6.1"]
[WhiteElo "2171"]
[BlackElo "2256"]
[WhiteTeam "OSG Baden-Baden"]
[BlackTeam "Lübecker SV von 1873"]
[PlyCount "79"]
[WhiteFideId "12941000"]
[BlackFideId "12953326"]
[EventCountry "GER"]
[EventRounds "7"]
[EventType "team-swiss"]
[EventDate "2015.12.26"]

1. e4 e6 2. d4 d5 3. Nd2 Nf6 4. e5 Nfd7 5. Bd3 c5 6. c3 Nc6 7. Ne2 cxd4 8. cxd4
f6 9. exf6 Nxf6 10. Nf3 Bd6 11. O-O Qc7 12. h3 O-O 13. Be3 Bd7 14. Rc1 Be8 15.
Ng5 Qe7 16. f4 Nb4 17. Bb1 h6 18. Nf3 Bb5 19. a3 Nc6 20. Re1 Na5 21. Nc3 Bc4
22. Ne5 Rfc8 23. Qf3 Nd7 24. Bf2 Bxe5 25. fxe5 Ba6 26. b4 Rf8 27. Nxd5 Qg5 28.
Qe3 Qxe3 29. Nxe3 Nc6 30. Red1 Rf4 31. Nc2 Nb6 32. Ba2 Bc4 33. Bxc4 Nxc4 34.
Ne1 Nxa3 35. Nd3 Rf7 36. Rc5 Ne7 37. Rcc1 b6 38. Nb2 Nd5 39. Rc6 Re8 40. Rdc1
1/2-1/2

[Event "DVM U20 2015"]
[Site "Osnabrück GER"]
[Date "2015.12.28"]
[Round "4"]
[White "Kololli, Martin"]
[Black "Becker, Dirk"]
[Result "1/2-1/2"]
[Termination "normal"]
[Board "6.2"]
[WhiteElo "2128"]
[BlackElo "2212"]
[WhiteTeam "Lübecker SV von 1873"]
[BlackTeam "OSG Baden-Baden"]
[PlyCount "75"]
[WhiteFideId "12936910"]
[BlackFideId "12938564"]
[EventCountry "GER"]
[EventRounds "7"]
[EventType "team-swiss"]
[EventDate "2015.12.26"]

1. e4 e5 2. Nf3 Nc6 3. Bb5 a6 4. Ba4 Nf6 5. O-O Be7 6. Re1 b5 7. Bb3 d6 8. c3
O-O 9. d4 Bg4 10. Be3 exd4 11. cxd4 d5 12. e5 Ne4 13. Nc3 Nxc3 14. bxc3 f5 15.
h3 Bh5 16. Bc1 Na5 17. Bc2 c6 18. Qd3 Bg6 19. Bf4 Nc4 20. Nd2 Na3 21. Bd1 a5
22. Rc1 Qb6 23. Qg3 c5 24. dxc5 Bxc5 25. Nb3 Be7 26. Bf3 Rad8 27. Rcd1 a4 28.
Nd4 Nc4 29. Nc2 Qc6 30. Rb1 Bc5 31. Nd4 Bxd4 32. cxd4 Rfe8 33. Be2 Rb8 34. Qc3
Qe6 35. Qb4 Rec8 36. Rec1 Rb7 37. Bf3 h6 38. h4 1/2-1/2

[Event "DVM U20 2015"]
[Site "Osnabrück GER"]
[Date "2015.12.28"]
[Round "4"]
[White "Martin, Richard"]
[Black "Kololli, Kevin"]
[Result "0-1"]
[Termination "normal"]
[Board "6.3"]
[WhiteElo "2005"]
[BlackElo "2231"]
[WhiteTeam "OSG Baden-Baden"]
[BlackTeam "Lübecker SV von 1873"]
[PlyCount "78"]
[WhiteFideId "12925691"]
[BlackFideId "12936863"]
[EventCountry "GER"]
[EventRounds "7"]
[EventType "team-swiss"]
[EventDate "2015.12.26"]

1. e4 e5 2. Nf3 Nc6 3. Nc3 Nf6 4. Bb5 Nd4 5. Bc4 d6 6. d3 Bg4 7. Be3 Nxf3+ 8.
gxf3 Bh5 9. d4 Be7 10. dxe5 dxe5 11. Qxd8+ Bxd8 12. Be2 c6 13. O-O-O Ba5 14.
Na4 Nxe4 15. Rhg1 g6 16. Nc5 Nxc5 17. Bxc5 Bb6 18. Bxb6 axb6 19. a3 Rd8 20.
Rde1 O-O 21. f4 Bxe2 22. Rxe2 exf4 23. Re7 Rfe8 24. Rxb7 b5 25. Rc7 Rd6 26. f3
Re2 27. b3 Rf2 28. a4 bxa4 29. bxa4 Rxf3 30. Kb2 Rd4 31. Re1 Re3 32. Rxe3 fxe3
33. Re7 Rxa4 34. Rxe3 Rh4 35. h3 f5 36. Kb3 Re4 37. Rd3 f4 38. c3 Kf7 39. Rd7+
Ke6 0-1

[Event "DVM U20 2015"]
[Site "Osnabrück GER"]
[Date "2015.12.28"]
[Round "4"]
[White "Tiedemann, Fin Niklas"]
[Black "Steimbach, Isabel"]
[Result "1-0"]
[Termination "normal"]
[Board "6.4"]
[WhiteElo "1799"]
[BlackElo "1974"]
[WhiteTeam "Lübecker SV von 1873"]
[BlackTeam "OSG Baden-Baden"]
[PlyCount "141"]
[WhiteFideId "12936936"]
[BlackFideId "24692174"]
[EventCountry "GER"]
[EventRounds "7"]
[EventType "team-swiss"]
[EventDate "2015.12.26"]

1. e4 c5 2. b3 d6 3. Bb2 Nc6 4. d3 e6 5. g3 Nf6 6. Bg2 Be7 7. f4 O-O 8. Nf3 Rb8
9. O-O d5 10. e5 Ng4 11. Qe2 d4 12. Bc1 Nb4 13. h3 Nh6 14. g4 Nd5 15. Bd2 b6
16. Qf2 Kh8 17. a4 Bb7 18. Na3 a6 19. Qe2 Ng8 20. Nc4 Qd7 21. Rae1 b5 22. Nb2
Bc6 23. Ra1 Nc3 24. Bxc3 dxc3 25. Nd1 bxa4 26. bxa4 Rb4 27. Qe3 Bxa4 28. Ra2
Rfb8 29. Nxc3 Bd8 30. Ne4 c4 31. d4 Ne7 32. Nc5 Qb5 33. Ng5 Kg8 34. c3 Bb3 35.
Rb2 Ra4 36. Nxa4 Qxa4 37. Qe4 g6 38. Qe3 Qd7 39. Be4 a5 40. h4 Nd5 41. Bxd5
Qxd5 42. Ne4 a4 43. Ra1 Ra8 44. h5 a3 45. Rh2 a2 46. hxg6 fxg6 47. Qh3 Ra7 48.
Nd6 Bb6 49. Qe3 Bd8 50. Rg2 Be7 51. Nc8 Rb7 52. Nxe7+ Rxe7 53. f5 Rf7 54. f6
Ra7 55. Rf2 Qa8 56. Qf4 Qf8 57. d5 Qf7 58. dxe6 Qxe6 59. Qd4 Rd7 60. Qe4 Kf7
61. Rh2 Qb6+ 62. Kh1 Ke6 63. g5 Qb7 64. Qxb7 Rxb7 65. Rb2 Ra7 66. Kg2 Ra5 67.
Kg3 Rd5 68. Kf4 Rd3 69. Raxa2 Bxa2 70. Rxa2 Rxc3 71. Ra6+ 1-0

[Event "DVM U20 2015"]
[Site "Osnabrück GER"]
[Date "2015.12.28"]
[Round "4"]
[White "Jurga, Jonas Vincent"]
[Black "Dörp, Max Marian"]
[Result "1/2-1/2"]
[Termination "normal"]
[Board "6.5"]
[WhiteElo "1933"]
[BlackElo "1719"]
[WhiteTeam "OSG Baden-Baden"]
[BlackTeam "Lübecker SV von 1873"]
[PlyCount "74"]
[WhiteFideId "12968013"]
[BlackFideId "12983551"]
[EventCountry "GER"]
[EventRounds "7"]
[EventType "team-swiss"]
[EventDate "2015.12.26"]

1. e4 e5 2. Nf3 Nc6 3. Bb5 a6 4. Ba4 d6 5. h3 Nf6 6. d3 Be7 7. c3 Bd7 8. Be3
O-O 9. O-O b5 10. Bc2 Re8 11. Nh2 h6 12. f4 exf4 13. Bxf4 Bf8 14. Nf3 Ne5 15.
d4 Ng6 16. Nfd2 Nxf4 17. Rxf4 c5 18. d5 g6 19. Rf1 Bg7 20. Qf3 Qe7 21. a4 Nh7
22. b3 Ng5 23. Qg3 Be5 24. Qd3 f5 25. Ra2 fxe4 26. Nxe4 Nxe4 27. Qxe4 Bf5 28.
Qf3 Rf8 29. Qd1 Bxc2 30. Rxc2 Rxf1+ 31. Qxf1 bxa4 32. bxa4 Qh4 33. Rf2 Qxa4 34.
Qd3 Qe8 35. Nd2 Kg7 36. Nc4 a5 37. Rb2 Rb8 1/2-1/2

[Event "DVM U20 2015"]
[Site "Osnabrück GER"]
[Date "2015.12.28"]
[Round "4"]
[White "Flüchter, Gregor"]
[Black "Kieslich, Aaron"]
[Result "1-0"]
[Termination "normal"]
[Board "7.1"]
[WhiteElo "2189"]
[BlackElo "2007"]
[WhiteTeam "SF Brackel 1930"]
[BlackTeam "TuS Coswig 1920"]
[PlyCount "99"]
[WhiteFideId "12903396"]
[BlackFideId "1270391"]
[EventCountry "GER"]
[EventRounds "7"]
[EventType "team-swiss"]
[EventDate "2015.12.26"]

1. e4 c5 2. f4 Nc6 3. Nf3 g6 4. Bb5 Bg7 5. O-O d6 6. Bxc6+ bxc6 7. c4 Qb6 8.
Qc2 e6 9. Nc3 Ne7 10. d3 Rb8 11. b3 O-O 12. Bb2 Qb4 13. Rac1 Ba6 14. Ne2 Bxb2
15. Qxb2 f5 16. Ng3 Bc8 17. exf5 exf5 18. Rfe1 Rb7 19. Re3 h6 20. Rce1 Rf7 21.
Qe2 Qb6 22. Qf2 a5 23. Rb1 Qd8 24. Qb2 Kh7 25. Ree1 Qg8 26. Qd2 Qd8 27. Qb2 Ng8
28. Qd2 Rfe7 29. Rxe7+ Rxe7 30. Re1 Rxe1+ 31. Qxe1 Qe7 32. Qxa5 Qe3+ 33. Kh1 g5
34. fxg5 hxg5 35. Qd2 Qxd2 36. Nxd2 Nf6 37. Kg1 Kg6 38. h3 d5 39. Nf3 f4 40.
Ne5+ Kg7 41. Ne2 Bf5 42. Nc1 dxc4 43. bxc4 g4 44. hxg4 Nxg4 45. Nxg4 Bxg4 46.
a4 Kf6 47. a5 Ke5 48. a6 Bc8 49. a7 Bb7 50. Nb3 1-0

[Event "DVM U20 2015"]
[Site "Osnabrück GER"]
[Date "2015.12.28"]
[Round "4"]
[White "Birnkraut, Tim"]
[Black "Hofmann, Rares"]
[Result "1/2-1/2"]
[Termination "normal"]
[Board "7.3"]
[WhiteElo "1892"]
[BlackElo "2030"]
[WhiteTeam "SF Brackel 1930"]
[BlackTeam "TuS Coswig 1920"]
[PlyCount "74"]
[WhiteFideId "24609587"]
[BlackFideId "12976440"]
[EventCountry "GER"]
[EventRounds "7"]
[EventType "team-swiss"]
[EventDate "2015.12.26"]

1. e4 e5 2. Nf3 Nc6 3. Bc4 Nf6 4. d4 exd4 5. e5 d5 6. Bb5 Ne4 7. Nxd4 Bd7 8.
Bxc6 bxc6 9. O-O Bc5 10. Be3 O-O 11. f3 Ng5 12. f4 Qb8 13. b3 Ne6 14. c3 f5 15.
Nd2 Bxd4 16. cxd4 c5 17. Nf3 cxd4 18. Nxd4 Nxd4 19. Qxd4 Qb7 20. Rac1 a5 21.
Rc5 c6 22. Bd2 Ra6 23. Rxa5 Rfa8 24. Qc5 Rxa5 25. Bxa5 Qb5 26. Qxb5 cxb5 27. b4
Rc8 28. h3 Kf7 29. Rf2 Ke6 30. Rd2 Rc4 31. g3 g5 32. fxg5 Kxe5 33. Kf2 Ke4 34.
Re2+ Kd3 35. Re3+ Kd2 36. Re2+ Kd3 37. Re3+ Kd2 1/2-1/2

[Event "DVM U20 2015"]
[Site "Osnabrück GER"]
[Date "2015.12.28"]
[Round "4"]
[White "von Koslowski, Utz"]
[Black "Stemmler, Fabian"]
[Result "1/2-1/2"]
[Termination "normal"]
[Board "7.4"]
[WhiteElo "1954"]
[BlackElo "1952"]
[WhiteTeam "TuS Coswig 1920"]
[BlackTeam "SF Brackel 1930"]
[PlyCount "56"]
[WhiteFideId "12964247"]
[BlackFideId "12964808"]
[EventCountry "GER"]
[EventRounds "7"]
[EventType "team-swiss"]
[EventDate "2015.12.26"]

1. Nf3 Nf6 2. d4 d5 3. c4 c6 4. e3 e6 5. Nc3 Be7 6. b3 O-O 7. Bb2 Nbd7 8. Bd3
b6 9. O-O Bb7 10. cxd5 cxd5 11. Rc1 Rc8 12. Qe2 Nb8 13. Ne5 Ne4 14. Bxe4 dxe4
15. Rfd1 f6 16. Nc4 Bd5 17. Nd2 f5 18. f3 exf3 19. Nxf3 Nc6 20. Nxd5 Qxd5 21.
Rc4 Na5 22. Rc2 Rxc2 23. Qxc2 Nc6 24. Rc1 Nb4 25. Qc7 Bd6 26. Qxa7 Ra8 27. Qxb6
Rb8 28. Qa7 Ra8 1/2-1/2

[Event "DVM U20 2015"]
[Site "Osnabrück GER"]
[Date "2015.12.28"]
[Round "4"]
[White "Schwiddessen, Jan"]
[Black "Moses, Selina"]
[Result "1-0"]
[Termination "normal"]
[Board "7.5"]
[WhiteElo "1859"]
[BlackElo "1808"]
[WhiteTeam "SF Brackel 1930"]
[BlackTeam "TuS Coswig 1920"]
[PlyCount "55"]
[WhiteFideId "1270631"]
[BlackFideId "12908070"]
[EventCountry "GER"]
[EventRounds "7"]
[EventType "team-swiss"]
[EventDate "2015.12.26"]

1. e4 c5 2. c4 Nc6 3. Ne2 e5 4. Nbc3 d6 5. d3 g6 6. g3 Nge7 7. Nd5 Nxd5 8. cxd5
Nd4 9. Nxd4 cxd4 10. Qb3 b6 11. h4 h5 12. Bh3 Bh6 13. Rg1 Bf8 14. Rh1 Bxh3 15.
Rxh3 Qd7 16. Rh2 Rc8 17. f4 Qg4 18. Qa4+ Kd8 19. fxe5 Qxg3+ 20. Rf2 Qg1+ 21.
Rf1 Rxc1+ 22. Rxc1 Qe3+ 23. Kd1 Qxd3+ 24. Ke1 Qe3+ 25. Kd1 d3 26. Rc8+ Kxc8 27.
Qe8+ Kb7 28. Rxf7+ 1-0

[Event "DVM U20 2015"]
[Site "Osnabrück GER"]
[Date "2015.12.28"]
[Round "4"]
[White "Pührer, Anne"]
[Black "Tekin, Baran"]
[Result "0-1"]
[Termination "normal"]
[Board "7.6"]
[WhiteElo "1738"]
[BlackElo "1796"]
[WhiteTeam "TuS Coswig 1920"]
[BlackTeam "SF Brackel 1930"]
[PlyCount "73"]
[WhiteFideId "24692247"]
[BlackFideId "12945633"]
[EventCountry "GER"]
[EventRounds "7"]
[EventType "team-swiss"]
[EventDate "2015.12.26"]

1. e4 g6 2. d4 d6 3. Nc3 Bg7 4. f4 Nf6 5. Nf3 c5 6. dxc5 Qa5 7. Bd2 Qxc5 8. h3
a6 9. Bd3 b5 10. Qe2 Nbd7 11. Qf2 Qxf2+ 12. Kxf2 Nb6 13. Rae1 Nfd7 14. Nd1 Bb7
15. Bc3 O-O 16. Bxg7 Kxg7 17. g4 e5 18. f5 d5 19. h4 gxf5 20. gxf5 f6 21. Rhg1+
Kf7 22. Rg4 dxe4 23. Bxe4 Bxe4 24. Rexe4 Rac8 25. Re2 Rg8 26. Ne3 Rxg4 27. Nxg4
Rc4 28. Ne3 Rf4 29. Kg3 Nc5 30. Ne1 Ne4+ 31. Kh3 Nd6 32. N1g2 Rd4 33. c3 Re4
34. Re1 Nbc4 35. b3 Nxe3 36. Rxe3 h5 37. Kg3 0-1

[Event "DVM U20 2015"]
[Site "Osnabrück GER"]
[Date "2015.12.28"]
[Round "4"]
[White "Urban, Lars"]
[Black "Noe, Christopher"]
[Result "0-1"]
[Termination "normal"]
[Board "8.1"]
[BlackTitle "FM"]
[WhiteElo "2178"]
[BlackElo "2414"]
[WhiteTeam "SV Empor Erfurt"]
[BlackTeam "SC Eppingen"]
[PlyCount "64"]
[WhiteFideId "4644034"]
[BlackFideId "24692018"]
[EventCountry "GER"]
[EventRounds "7"]
[EventType "team-swiss"]
[EventDate "2015.12.26"]

1. d4 d6 2. c4 e5 3. Nf3 Nd7 4. Nc3 Ngf6 5. g3 g6 6. Bg2 Bg7 7. O-O O-O 8. b3
Re8 9. Bb2 h6 10. dxe5 dxe5 11. e4 c6 12. a4 a5 13. Nd2 Nc5 14. Ba3 Bf8 15.
Bxc5 Bxc5 16. Nf3 Qc7 17. Qc2 Be6 18. h3 Bf8 19. Ne1 Rad8 20. Nd3 Nd7 21. f4
exf4 22. gxf4 Nc5 23. Nxc5 Bxc5+ 24. Kh1 Be3 25. f5 Rd2 26. Qxd2 Bxd2 27. fxe6
Rxe6 28. Ne2 Qe5 29. Rad1 Bb4 30. Rd7 Bd6 31. Kg1 Qh2+ 32. Kf2 Bc5+ 0-1

[Event "DVM U20 2015"]
[Site "Osnabrück GER"]
[Date "2015.12.28"]
[Round "4"]
[White "Bay, Nicolai"]
[Black "Nicolai, Tim"]
[Result "1/2-1/2"]
[Termination "normal"]
[Board "8.2"]
[WhiteElo "2000"]
[BlackElo "1771"]
[WhiteTeam "SC Eppingen"]
[BlackTeam "SV Empor Erfurt"]
[PlyCount "66"]
[WhiteFideId "12927619"]
[BlackFideId "12964930"]
[EventCountry "GER"]
[EventRounds "7"]
[EventType "team-swiss"]
[EventDate "2015.12.26"]

1. e4 e5 2. Nf3 Nc6 3. Bb5 a6 4. Ba4 f5 5. d3 fxe4 6. dxe4 Nf6 7. O-O d6 8. h3
Be7 9. Re1 O-O 10. Bb3+ Kh8 11. a3 Qe8 12. Nc3 Nh5 13. Nd5 Bd8 14. Qe2 Qg6 15.
Kh2 Nb8 16. Bd2 c6 17. Nc3 Nd7 18. Rad1 Nc5 19. Bc1 Nxb3 20. cxb3 Be7 21. b4
Be6 22. Be3 Nf4 23. Bxf4 Rxf4 24. g3 Rf7 25. Ng1 Raf8 26. f3 Qh5 27. Rf1 g5 28.
g4 Qg6 29. a4 b5 30. axb5 axb5 31. Qe3 h5 32. Kg2 Bc4 33. Nge2 Kg7 1/2-1/2

[Event "DVM U20 2015"]
[Site "Osnabrück GER"]
[Date "2015.12.28"]
[Round "4"]
[White "Hahn, Cedric"]
[Black "Streichardt, Niklas"]
[Result "1-0"]
[Termination "normal"]
[Board "8.4"]
[WhiteElo "1951"]
[BlackElo "1870"]
[WhiteTeam "SC Eppingen"]
[BlackTeam "SV Empor Erfurt"]
[PlyCount "87"]
[WhiteFideId "12910538"]
[BlackFideId "12962643"]
[EventCountry "GER"]
[EventRounds "7"]
[EventType "team-swiss"]
[EventDate "2015.12.26"]

1. d4 d5 2. c4 e6 3. Nc3 c6 4. Nf3 f5 5. e3 Nf6 6. Ne5 Nbd7 7. f4 Bb4 8. Bd2
Bxc3 9. Bxc3 Nxe5 10. dxe5 Ne4 11. Qh5+ g6 12. Qe2 Nxc3 13. bxc3 Qa5 14. Qd2 b5
15. cxd5 cxd5 16. Be2 Bb7 17. O-O Rc8 18. Rfb1 a6 19. a4 Qxc3 20. Qxc3 Rxc3 21.
axb5 axb5 22. Rxb5 Bc8 23. Rb8 Kd8 24. Raa8 Rf8 25. Ba6 Kd7 26. Kf2 h6 27. Ke1
Rg8 28. Kd2 Rc5 29. h4 h5 30. Ra7+ Rc7 31. Bb5+ Kd8 32. Raa8 Rc5 33. Kd3 Kc7
34. Kd4 Rc1 35. Ba6 Kd7 36. Rxc8 Rd1+ 37. Kc5 Rc1+ 38. Kb6 Rb1+ 39. Bb5+ Rxb5+
40. Kxb5 Rxc8 41. Rxc8 Kxc8 42. Kc6 Kd8 43. Kd6 g5 44. hxg5 1-0

[Event "DVM U20 2015"]
[Site "Osnabrück GER"]
[Date "2015.12.28"]
[Round "4"]
[White "Dietrich, Mareike"]
[Black "Hermann, Tobias"]
[Result "0-1"]
[Termination "normal"]
[Board "8.5"]
[WhiteElo "1740"]
[BlackElo "1959"]
[WhiteTeam "SV Empor Erfurt"]
[BlackTeam "SC Eppingen"]
[PlyCount "62"]
[WhiteFideId "12902470"]
[BlackFideId "12903701"]
[EventCountry "GER"]
[EventRounds "7"]
[EventType "team-swiss"]
[EventDate "2015.12.26"]

1. e4 e5 2. Nf3 Nc6 3. Bc4 Bc5 4. O-O Nf6 5. d3 O-O 6. Bg5 d6 7. c3 h6 8. Be3
Bxe3 9. fxe3 d5 10. exd5 Nxd5 11. Qe1 Re8 12. Nbd2 Nb6 13. Bb5 Qd5 14. a4 a6
15. Bxc6 Qxc6 16. a5 Nd5 17. Nc4 f6 18. Rd1 Bg4 19. Qg3 Bh5 20. Rde1 Kh7 21.
Nh4 Rad8 22. Nf5 Bg6 23. Nd2 Bxf5 24. Rxf5 Ne7 25. e4 Nxf5 26. exf5 Qc5+ 27. d4
Qxa5 28. Qg6+ Kg8 29. Nc4 Qb5 30. Nxe5 fxe5 31. f6 Qd7 0-1

[Event "DVM U20 2015"]
[Site "Osnabrück GER"]
[Date "2015.12.28"]
[Round "4"]
[White "Pacius, Max"]
[Black "Sommer, Jan"]
[Result "0-1"]
[Termination "normal"]
[Board "8.6"]
[WhiteElo "1190"]
[BlackElo "1718"]
[WhiteTeam "SC Eppingen"]
[BlackTeam "SV Empor Erfurt"]
[PlyCount "66"]
[WhiteFideId "16217446"]
[BlackFideId "24690090"]
[EventCountry "GER"]
[EventRounds "7"]
[EventType "team-swiss"]
[EventDate "2015.12.26"]

1. e4 e5 2. Nf3 Nc6 3. Bb5 a6 4. Ba4 Nf6 5. O-O d6 6. Re1 Be7 7. d4 b5 8. Bb3
Bg4 9. dxe5 dxe5 10. Nbd2 Nd4 11. Bxf7+ Kxf7 12. Nxe5+ Kf8 13. Nxg4 Nxg4 14.
Qxg4 Nxc2 15. Qf3+ Ke8 16. Qh5+ g6 17. Qe5 Kf7 18. Re3 Nxe3 19. Qf4+ Kg7 20.
Qxe3 Re8 21. Nf3 Qd1+ 22. Qe1 Qxe1+ 23. Nxe1 Bb4 24. Nf3 Rxe4 25. Be3 Rd8 26.
Kf1 h6 27. Rc1 Rc4 28. Rb1 Bc5 29. Bxc5 Rxc5 30. Ke2 Rc2+ 31. Ke3 Re8+ 32. Kd3
Rxf2 33. Rc1 Ree2 0-1